00667nam a22001937a 4500999001900000005001700019010001500036020002600051035001400077037001300091082000800104100002200112245006100134260003700195270008100232300002000313942002200333952011800355 c192297d19229720220916160120.0 aENG-135105 c110.00a9788123770932 aEN-118637 bDBAD/PUB a920 aAmal, Brahmachari aA Simple Life Of Swami Vivekananda/cby Brahmachari Amal aDelhibNational Book Trustc2014 aNehru Bhawan, 5, Institutional Area, Phase-2, Vasant KunjbNew Delhie110070 a57p.c22cm(pbk) 2ddccENh920mAMA 001040708NFICaBNbBNd2022-09-16eDBAD/PUBg110.00l0o920 AMApEN-118637r2022-09-16 00:00:00t1v110.00yEN